[Event "GER-chT Seniors 14th"]
[Site "Sottrum"]
[Date "2005.09.23"]
[Round "6"]
[White "Rolf, Martin"]
[Black "Meiling, Hermann"]
[Result "0-1"]
[WhiteElo "1680"]
[BlackElo "2044"]
[PlyCount "96"]
[EventDate "2005.09.18"]
[EventType "team-swiss"]
[EventRounds "7"]
[EventCountry "GER"]
[SourceTitle "CBM 108 Extra"]
[Source "ChessBase"]
[SourceDate "2005.11.04"]
[SourceVersion "1"]
[SourceVersionDate "2005.11.04"]
[SourceQuality "1"]

1. d4 d5 2. Nf3 e6 3. Nbd2 Nf6 4. e3 Be7 5. Bd3 Nbd7 6. Qe2 0-0 7. 0-0 c5 8. c3 c4 9. Bc2 b5 10. a3 Bb7 11. e4 dxe4 12. Nxe4 Nxe4 13. Bxe4 Bxe4 14. Qxe4 Nf6 15. Qe2 Nd5 16. Bd2 Qc7 17. Qe4 Rae8 18. Ne5 Bd6 19. f4 f6 20. Nf3 Bxf4 21. Bxf4 Qxf4 22. Qxf4 Nxf4 23. a4 a6 24. axb5 axb5 25. Ra5 Rb8 26. Nd2 Nd5 27. Ra6 Rb6 28. Ra7 Rfb8 29. Rfa1 Nf4 30. g3 Nd3 31. Re7 R6b7 32. Rxe6 Nxb2 33. Rc6 Rb6 34. Rc7 R6b7 35. Rc6 Kf7 36. Raa6 Re7 37. Rab6 Reb7 38. Ra6 Re7 39. Rab6 Rbe8 40. Rxb5 Re1+ 41. Nf1 Nd1 42. Rb7+ Kg6 43. Rcc7 Ne3 44. Rxg7+ Kf5 45. Rb5+ Ke4 46. Kf2 Rxf1+ 47. Ke2 Rc1 48. Rxh7 Rc2+ 0-1

[Event "GER-chT Seniors 14th"]
[Site "Sottrum"]
[Date "2005.09.22"]
[Round "5"]
[White "Meiling, Hermann"]
[Black "Jensen, Helmut"]
[Result "0-1"]
[WhiteElo "2044"]
[BlackElo "1795"]
[PlyCount "88"]
[EventDate "2005.09.18"]
[EventType "team-swiss"]
[EventRounds "7"]
[EventCountry "GER"]
[SourceTitle "CBM 108 Extra"]
[Source "ChessBase"]
[SourceDate "2005.11.04"]
[SourceVersion "1"]
[SourceVersionDate "2005.11.04"]
[SourceQuality "1"]

1. d4 Nf6 2. c4 e5 3. dxe5 Ng4 4. Nf3 Nc6 5. Nc3 Ngxe5 6. Nxe5 Nxe5 7. e4 Bc5 8. a3 a5 9. Be2 0-0 10. 0-0 d6 11. Nd5 Be6 12. b3 f5 13. exf5 Bxf5 14. Be3 Bxe3 15. Nxe3 Be4 16. f4 Ng6 17. g3 Qe8 18. Bf3 Qc6 19. Nd5 Bxf3 20. Rxf3 Qc5+ 21. Ne3 c6 22. Kg2 Rad8 23. Qd2 d5 24. b4 axb4 25. axb4 Qd6 26. c5 Qf6 27. Raf1 Rfe8 28. Kg1 Re4 29. Ng4 Qe7 30. Re3 h5 31. Rxe4 dxe4 32. Qa2+ Qf7 33. Qxf7+ Kxf7 34. Ne3 Rd4 35. Rb1 Ne7 36. Kf1 Ke6 37. Ke2 Nd5 38. Nxd5 cxd5 39. h3 Rd3 40. Kf2 Rc3 41. Rb2 d4 42. Re2 Kd5 43. g4 hxg4 44. hxg4 Rf3+ 0-1

[Event "GER-chT Seniors 14th"]
[Site "Sottrum"]
[Date "2005.09.20"]
[Round "3"]
[White "Meiling, Hermann"]
[Black "Assmann, Hans"]
[Result "1/2-1/2"]
[WhiteElo "2044"]
[BlackElo "1815"]
[PlyCount "68"]
[EventDate "2005.09.18"]
[EventType "team-swiss"]
[EventRounds "7"]
[EventCountry "GER"]
[SourceTitle "CBM 108 Extra"]
[Source "ChessBase"]
[SourceDate "2005.11.04"]
[SourceVersion "1"]
[SourceVersionDate "2005.11.04"]
[SourceQuality "1"]

1. d4 Nf6 2. c4 e6 3. Nc3 c6 4. e4 d6 5. f4 Nbd7 6. Nf3 Qc7 7. Bd3 Be7 8. 0-0 a6 9. a4 b6 10. Qe2 0-0 11. e5 Ne8 12. Ne4 d5 13. Neg5 g6 14. cxd5 cxd5 15. Bd2 Ng7 16. Rac1 Qb7 17. Qf2 f5 18. Qh4 h5 19. h3 Re8 20. g4 Nf8 21. gxh5 Nxh5 22. Qf2 Bd7 23. b3 a5 24. Kh2 Rac8 25. Qe2 Rxc1 26. Rxc1 Qb8 27. Rg1 Qd8 28. Ne1 Qb8 29. Qf1 Rc8 30. Be2 Ng7 31. h4 Rc7 32. h5 Bxg5 33. Rxg5 gxh5 34. Bxh5 Be8 1/2-1/2

[Event "Brandenburg-ch Seniors 13th"]
[Site "Lindow/Mark"]
[Date "2005.09.13"]
[Round "7"]
[White "Meiling, Hermann"]
[Black "Petrykowski, Reinhardt"]
[Result "1/2-1/2"]
[WhiteElo "1790"]
[BlackElo "1772"]
[PlyCount "85"]
[EventDate "2005.09.07"]
[EventType "swiss"]
[EventRounds "9"]
[EventCountry "GER"]
[SourceTitle "EXT 2007"]
[Source "ChessBase"]
[SourceDate "2006.11.23"]
[SourceVersion "1"]
[SourceVersionDate "2006.11.23"]
[SourceQuality "1"]

1. d4 d5 2. Bg5 h6 3. Bf4 Bf5 4. e3 e6 5. Nf3 Nf6 6. c4 c6 7. Nc3 Nbd7 8. a3 Be7 9. h3 Ne4 10. Nxe4 Bxe4 11. Nd2 Bg6 12. Be2 0-0 13. 0-0 Nf6 14. c5 b6 15. b4 a5 16. Nb3 a4 17. Nc1 b5 18. Nd3 Nd7 19. Bh5 Bf5 20. Bg4 Bg6 21. Ne5 Nxe5 22. Bxe5 Bf6 23. Bd6 Be7 24. Bh2 f5 25. Bh5 Qe8 26. Be2 Bg5 27. Bd6 Be7 28. Be5 Bf6 29. f4 Bxe5 30. fxe5 Qe7 31. Qe1 Qg5 32. Qf2 Bh5 33. h4 Qg6 34. Bxh5 Qxh5 35. Qg3 Rf7 36. Kf2 Raf8 37. Ke1 Kh7 38. Kd2 Qg6 39. Qxg6+ Kxg6 40. Rf4 h5 41. Rh1 Kh6 42. Rh3 g6 43. Rg3 1/2-1/2

[Event "Brandenburg Seniors op 13th"]
[Site "Lindow/Mark"]
[Date "2005.09.12"]
[Round "6"]
[White "Mueller, Klaus2222"]
[Black "Meiling, Hermann"]
[Result "1-0"]
[WhiteElo "2054"]
[BlackElo "1790"]
[PlyCount "93"]
[EventDate "2005.09.07"]
[EventType "swiss"]
[EventRounds "9"]
[EventCountry "GER"]
[SourceTitle "EXT 2007"]
[Source "ChessBase"]
[SourceDate "2006.11.23"]
[SourceVersion "1"]
[SourceVersionDate "2006.11.23"]
[SourceQuality "1"]

1. e4 e6 2. d4 d5 3. e5 c5 4. c3 Nc6 5. Nf3 Qb6 6. a3 a5 7. Bd3 Bd7 8. Bc2 Nh6 9. 0-0 Be7 10. h3 cxd4 11. cxd4 Nf5 12. Bxf5 exf5 13. Nc3 Be6 14. Qd3 0-0 15. Be3 a4 16. Rab1 Rfd8 17. Rfc1 g6 18. Nd2 f4 19. Bxf4 Bf5 20. Qb5 Qxb5 21. Nxb5 Bxb1 22. Nxb1 Kg7 23. N1c3 Rd7 24. Rd1 h6 25. g4 Bd8 26. Be3 Ba5 27. Nxa4 Bd8 28. Nc5 Re7 29. Nc3 b6 30. Nd3 Rd7 31. f4 Ne7 32. Rf1 f5 33. exf6+ Kxf6 34. Ne5 Rc7 35. g5+ Kg7 36. gxh6+ Kh7 37. Bd2 Nf5 38. Nxd5 Rc2 39. Bc3 Ng3 40. Rf2 Rc1+ 41. Kg2 Nf5 42. Ng4 Bh4 43. Re2 Ng3 44. Ndf6+ Kh8 45. Re7 Rc2+ 46. Kf3 Bxf6 47. Nxf6 1-0

[Event "Brandenburg-ch Seniors 13th"]
[Site "Lindow/Mark"]
[Date "2005.09.09"]
[Round "3"]
[White "Kahn, Peter"]
[Black "Meiling, Hermann"]
[Result "1/2-1/2"]
[WhiteElo "2018"]
[BlackElo "1790"]
[PlyCount "63"]
[EventDate "2005.09.07"]
[EventType "swiss"]
[EventRounds "9"]
[EventCountry "GER"]
[SourceTitle "EXT 2007"]
[Source "ChessBase"]
[SourceDate "2006.11.23"]
[SourceVersion "1"]
[SourceVersionDate "2006.11.23"]
[SourceQuality "1"]

1. Nf3 d5 2. d4 e6 3. e3 Nf6 4. Bd3 c5 5. c3 Nc6 6. Nbd2 Be7 7. 0-0 0-0 8. dxc5 Bxc5 9. e4 dxe4 10. Nxe4 Nxe4 11. Bxe4 Qe7 12. Bf4 Rd8 13. Qc2 g6 14. Rad1 Bd7 15. h4 Be8 16. h5 Rxd1 17. Rxd1 Rd8 18. hxg6 Rxd1+ 19. Qxd1 hxg6 20. Qd2 Qd7 21. Qxd7 Bxd7 22. Ne5 Nxe5 23. Bxe5 Bc8 24. b4 Bf8 25. Bd4 a6 26. Kf1 Bg7 27. Bxg7 Kxg7 28. f4 f5 29. Bf3 Kf6 30. Ke2 e5 31. fxe5+ Kxe5 32. g3 1/2-1/2

[Event "Brandenburg-ch Seniors 12th"]
[Site "Lindow/Mark"]
[Date "2004.09.22"]
[Round "6"]
[White "Grabara, Manfred"]
[Black "Meiling, Hermann"]
[Result "1-0"]
[WhiteElo "1782"]
[BlackElo "1855"]
[PlyCount "56"]
[EventDate "2004.09.18"]
[EventType "swiss"]
[EventRounds "9"]
[EventCountry "GER"]
[SourceTitle "EXT 2006"]
[Source "ChessBase"]
[SourceDate "2005.11.24"]
[SourceVersion "1"]
[SourceVersionDate "2005.11.24"]
[SourceQuality "1"]

1. f4 d5 2. Nf3 c5 3. e3 Nc6 4. Bb5 Bg4 5. 0-0 e6 6. d3 Qb6 7. Bxc6+ bxc6 8. Nbd2 Bh5 9. Qe1 f6 10. b3 Ne7 11. h3 Bf7 12. Bb2 Nf5 13. g4 Nd6 14. a4 a5 15. Rb1 Be7 16. Qf2 Rb8 17. Ba3 h5 18. Kg2 Kd7 19. e4 d4 20. e5 Nb7 21. f5 hxg4 22. hxg4 exf5 23. gxf5 Bd5 24. Nc4 Qd8 25. e6+ Kc8 26. Rh1 Rxh1 27. Rxh1 Bxf3+ 28. Qxf3 Qd5 1-0

[Event "Brandenburg-ch Seniors 12th"]
[Site "Lindow/Mark"]
[Date "2004.09.18"]
[Round "1"]
[White "Biehler, Peter"]
[Black "Meiling, Hermann"]
[Result "0-1"]
[WhiteElo "1546"]
[BlackElo "1855"]
[PlyCount "114"]
[EventDate "2004.09.18"]
[EventType "swiss"]
[EventRounds "9"]
[EventCountry "GER"]
[SourceTitle "EXT 2006"]
[Source "ChessBase"]
[SourceDate "2005.11.24"]
[SourceVersion "1"]
[SourceVersionDate "2005.11.24"]
[SourceQuality "1"]

1. e4 e6 2. d4 d5 3. Nc3 Bb4 4. Bd3 dxe4 5. Bxe4 Nf6 6. Bg5 Nbd7 7. Nf3 c6 8. 0-0 Qa5 9. Bd3 h6 10. Bxf6 Nxf6 11. Ne4 Be7 12. c3 Qc7 13. Ne5 0-0 14. Nxf6+ Bxf6 15. f4 c5 16. Qg4 cxd4 17. cxd4 Qd6 18. Rad1 Qxd4+ 19. Rf2 Qb6 20. Kf1 Qe3 21. Rf3 Qb6 22. b3 Qb4 23. Qh5 Qe7 24. Ng4 Rd8 25. Nxh6+ gxh6 26. Qxh6 Bg7 27. Rg3 f5 28. Qh5 Bd7 29. Bc4 Be8 30. Qe2 Rxd1+ 31. Qxd1 b5 32. Be2 Rd8 33. Qc1 Rd4 34. Rd3 Qd6 35. Rxd4 Qxd4 36. Bf3 Qa1 37. Qxa1 Bxa1 38. g3 Kg7 39. h3 Kf6 40. g4 fxg4 41. hxg4 e5 42. f5 Kg5 43. Be4 Kxg4 44. Ke2 Kf4 45. Kd3 b4 46. f6 Kg5 47. Kc4 a5 48. f7 Bxf7+ 49. Kb5 Kf4 50. Bg2 e4 51. Kxa5 Bc3 52. Kb5 e3 53. Bf1 Bh5 54. Ka4 Be8+ 55. Ka5 Kf3 56. Bc4 e2 57. Bxe2+ Kxe2 0-1

[Event "GER-chT Seniors 13th"]
[Site "Dresden"]
[Date "2004.08.06"]
[Round "6"]
[White "Felser, Franz"]
[Black "Meiling, Hermann"]
[Result "1/2-1/2"]
[WhiteElo "2167"]
[BlackElo "2021"]
[PlyCount "47"]
[EventDate "2004.08.01"]
[EventType "team"]
[EventRounds "7"]
[EventCountry "GER"]
[SourceTitle "CBM 103 Extra"]
[Source "ChessBase"]
[SourceDate "2005.01.01"]
[SourceVersion "1"]
[SourceVersionDate "2005.01.01"]
[SourceQuality "1"]

1. d4 d5 2. c4 e6 3. Nc3 Nf6 4. Nf3 Nbd7 5. Bg5 c6 6. e3 Qa5 7. cxd5 exd5 8. Bd3 Ne4 9. Qc2 Ndf6 10. 0-0 Nxg5 11. Nxg5 h6 12. Nf3 Be7 13. a3 a6 14. b4 Qd8 15. Ne5 Ng4 16. Rad1 Bd6 17. Nxg4 Bxg4 18. f3 Be6 19. e4 dxe4 20. Bxe4 0-0 21. d5 cxd5 22. Bxd5 Bxd5 23. Nxd5 Rc8 24. Qd3 1/2-1/2

[Event "GER-chT Seniors 13th"]
[Site "Dresden"]
[Date "2004.08.05"]
[Round "5"]
[White "Meiling, Hermann"]
[Black "Nietsch, Horst"]
[Result "1-0"]
[WhiteElo "2021"]
[BlackElo "2112"]
[PlyCount "55"]
[EventDate "2004.08.01"]
[EventType "team"]
[EventRounds "7"]
[EventCountry "GER"]
[SourceTitle "CBM 103 Extra"]
[Source "ChessBase"]
[SourceDate "2005.01.01"]
[SourceVersion "1"]
[SourceVersionDate "2005.01.01"]
[SourceQuality "1"]

1. d4 e6 2. c4 b6 3. Nc3 Nf6 4. e4 Bb7 5. f3 d6 6. Bd3 Nbd7 7. Nge2 e5 8. d5 Be7 9. Be3 0-0 10. Qd2 Nc5 11. Bc2 Ne8 12. 0-0 Bc8 13. b4 Nb7 14. Ng3 Bh4 15. Nce2 Bd7 16. a4 Be7 17. Nc1 g6 18. Nd3 f5 19. exf5 gxf5 20. Bf2 Ng7 21. Bb3 Bf6 22. Rac1 Bg5 23. f4 Bh6 24. c5 bxc5 25. bxc5 exf4 26. Nxf4 dxc5 27. d6+ Kh8 28. Ng6+ 1-0

[Event "GER-chT Seniors 13th"]
[Site "Dresden"]
[Date "2004.08.04"]
[Round "4"]
[White "Fehres, Werner"]
[Black "Meiling, Hermann"]
[Result "1-0"]
[WhiteElo "2033"]
[BlackElo "2021"]
[PlyCount "81"]
[EventDate "2004.08.01"]
[EventType "team"]
[EventRounds "7"]
[EventCountry "GER"]
[SourceTitle "CBM 103 Extra"]
[Source "ChessBase"]
[SourceDate "2005.01.01"]
[SourceVersion "1"]
[SourceVersionDate "2005.01.01"]
[SourceQuality "1"]

1. e4 e6 2. f4 d5 3. e5 c5 4. c3 Nc6 5. Nf3 Qb6 6. Na3 Bd7 7. Nc2 Nh6 8. d3 Be7 9. g3 Nf5 10. Rb1 a5 11. Bg2 d4 12. Na3 Qa6 13. 0-0 b5 14. Qe1 Rb8 15. g4 Nh6 16. h3 b4 17. cxb4 axb4 18. Nc4 Qxa2 19. Bd2 Qa7 20. Qe2 Qc7 21. Ra1 f5 22. g5 Nf7 23. h4 g6 24. Rfc1 0-0 25. Ne1 Rb7 26. Bf3 Ra7 27. Rab1 Rb8 28. Qh2 Na5 29. h5 Nb3 30. Rd1 Bc6 31. Kf2 Bxf3 32. Nxf3 Kg7 33. Rh1 Rh8 34. Qg3 Qb7 35. hxg6 hxg6 36. Rxh8 Kxh8 37. Rh1+ Kg7 38. Qh4 Kf8 39. Qh7 Ra1 40. Rxa1 Nxa1 41. Qxg6 1-0

[Event "Brandenburg-ch Seniors 11th"]
[Site "Lindow"]
[Date "2003.09.22"]
[Round "3"]
[White "Meiling, Hermann"]
[Black "Wolf, Alfred"]
[Result "1/2-1/2"]
[WhiteElo "1837"]
[BlackElo "1745"]
[PlyCount "65"]
[EventDate "2003.09.??"]
[EventType "swiss"]
[EventRounds "7"]
[EventCountry "GER"]
[SourceTitle "EXT 2006"]
[Source "ChessBase"]
[SourceDate "2005.11.24"]
[SourceVersion "1"]
[SourceVersionDate "2005.11.24"]
[SourceQuality "1"]

1. d4 f5 2. Bg5 g6 3. e3 Bg7 4. c4 d6 5. Nc3 Nf6 6. Bd3 c6 7. Nge2 0-0 8. Qd2 Qe8 9. f3 Na6 10. 0-0 e5 11. Bxf6 Bxf6 12. d5 Nc5 13. Bc2 b6 14. Rad1 Nb7 15. dxc6 Qxc6 16. Ba4 Qc7 17. Nd5 Qg7 18. Bc6 Rd8 19. Nec3 Rb8 20. b4 Be6 21. e4 Kh8 22. Ba4 Qf7 23. Bb3 Bg7 24. Nb5 Bxd5 25. Qxd5 Qxd5 26. Rxd5 a6 27. Na7 Rd7 28. Nc6 Rc8 29. b5 axb5 30. cxb5 Nd8 31. Nb4 Ne6 32. Nc6 Nd8 33. Nb4 1/2-1/2

[Event "Brandenburg-ch Seniors 11th"]
[Site "Lindow"]
[Date "2003.09.20"]
[Round "1"]
[White "Meiling, Hermann"]
[Black "Heinrich, Klaus1111"]
[Result "1/2-1/2"]
[WhiteElo "1837"]
[BlackElo "1646"]
[PlyCount "88"]
[EventDate "2003.09.??"]
[EventType "swiss"]
[EventRounds "7"]
[EventCountry "GER"]
[SourceTitle "EXT 2006"]
[Source "ChessBase"]
[SourceDate "2005.11.24"]
[SourceVersion "1"]
[SourceVersionDate "2005.11.24"]
[SourceQuality "1"]

1. d4 d5 2. Bg5 Bf5 3. e3 h6 4. Bf4 Nf6 5. c4 e6 6. Nc3 Nbd7 7. Nf3 c6 8. Rc1 Bb4 9. Qb3 Qb6 10. Nd2 Bxc3 11. bxc3 0-0 12. Be2 Rfe8 13. 0-0 Rac8 14. c5 Qxb3 15. axb3 Ne4 16. Nxe4 Bxe4 17. f3 Bh7 18. b4 a6 19. c4 Nf6 20. b5 axb5 21. cxb5 Ra8 22. Ra1 Nd7 23. bxc6 bxc6 24. Ba6 e5 25. Bg3 Ra7 26. Bd3 Rea8 27. Rxa7 Rxa7 28. Bxh7+ Kxh7 29. Bxe5 Nxe5 30. dxe5 Ra3 31. Re1 Rc3 32. e4 Rxc5 33. exd5 Rxd5 34. e6 fxe6 35. Rxe6 c5 36. Kf2 Kg8 37. Re7 Rd2+ 38. Re2 Rd5 39. Re7 Rd2+ 40. Re2 Rd5 41. Ke3 Kf7 42. Kf4 Kf6 43. Re8 g5+ 44. Ke4 Rd2 1/2-1/2

[Event "Wch Seniors 12th"]
[Site "Naumburg"]
[Date "2002.10.31"]
[Round "9"]
[White "Krischer, Ulrich"]
[Black "Meiling, Hermann"]
[Result "1/2-1/2"]
[WhiteElo "1730"]
[BlackElo "2028"]
[PlyCount "49"]
[EventDate "2002.10.21"]
[EventType "swiss"]
[EventRounds "11"]
[EventCountry "GER"]
[SourceTitle "EXT 2006"]
[Source "ChessBase"]
[SourceDate "2005.11.24"]
[SourceVersion "1"]
[SourceVersionDate "2005.11.24"]
[SourceQuality "1"]

1. d4 d5 2. Nf3 e6 3. e3 Nf6 4. c4 Be7 5. Nc3 0-0 6. b3 b6 7. Be2 Bb7 8. 0-0 c5 9. Ba3 cxd4 10. Bxe7 Qxe7 11. Nxd4 Rd8 12. cxd5 Nxd5 13. Nxd5 Bxd5 14. Bf3 Qb7 15. Qe2 e5 16. Bxd5 Qxd5 17. Nf5 Qe6 18. Qf3 Na6 19. Rfd1 g6 20. Ng3 Nc5 21. h3 e4 22. Qf4 f5 23. Rxd8+ Rxd8 24. Qc7 Rd7 25. Qb8+ 1/2-1/2

[Event "Wch Seniors 12th"]
[Site "Naumburg"]
[Date "2002.10.30"]
[Round "8"]
[White "Meiling, Hermann"]
[Black "Ollek, Karl Heinz"]
[Result "1-0"]
[WhiteElo "2028"]
[BlackElo "1663"]
[PlyCount "57"]
[EventDate "2002.10.21"]
[EventType "swiss"]
[EventRounds "11"]
[EventCountry "GER"]
[SourceTitle "EXT 2006"]
[Source "ChessBase"]
[SourceDate "2005.11.24"]
[SourceVersion "1"]
[SourceVersionDate "2005.11.24"]
[SourceQuality "1"]

1. d4 Nf6 2. c4 e6 3. Nc3 d5 4. Bg5 Be7 5. e3 h6 6. Bf4 c6 7. Nf3 Nbd7 8. h3 dxc4 9. Bxc4 Nb6 10. Bd3 Nbd5 11. Bh2 Qa5 12. Qb3 Bb4 13. Rc1 Nxc3 14. bxc3 Be7 15. 0-0 0-0 16. c4 Rd8 17. c5 Rd5 18. Bc4 Rh5 19. Be2 Ne4 20. Qc2 Nf6 21. Ne5 Qd8 22. Bxh5 Nxh5 23. Nc4 b6 24. Ne5 Qe8 25. cxb6 c5 26. dxc5 f6 27. Ng6 Bxc5 28. Qxc5 Qxg6 29. Qxc8+ 1-0

[Event "Wch Seniors 12th"]
[Site "Naumburg"]
[Date "2002.10.28"]
[Round "6"]
[White "Meiling, Hermann"]
[Black "Smits, Oswald"]
[Result "1/2-1/2"]
[WhiteElo "2028"]
[BlackElo "1619"]
[PlyCount "98"]
[EventDate "2002.10.21"]
[EventType "swiss"]
[EventRounds "11"]
[EventCountry "GER"]
[SourceTitle "EXT 2006"]
[Source "ChessBase"]
[SourceDate "2005.11.24"]
[SourceVersion "1"]
[SourceVersionDate "2005.11.24"]
[SourceQuality "1"]

1. d4 e6 2. c4 Nf6 3. Nc3 d5 4. Bg5 Be7 5. e3 b6 6. Nf3 Bb7 7. Rc1 Nbd7 8. h3 0-0 9. Bf4 Rc8 10. Bd3 dxc4 11. Bxc4 Bd6 12. Bxd6 cxd6 13. Qe2 d5 14. Bd3 Ne4 15. 0-0 Nxc3 16. Rxc3 Rxc3 17. bxc3 Nb8 18. Qb2 Qc7 19. Rc1 Rc8 20. Nd2 Ba6 21. Bxa6 Nxa6 22. c4 Qc6 23. Qa3 b5 24. c5 Nc7 25. Qxa7 Ne8 26. Qa3 Nd6 27. Rb1 Nc4 28. Nxc4 dxc4 29. Qb4 Qa6 30. Qxb5 Qxa2 31. Rc1 g6 32. Qxc4 Qd2 33. Qc2 Qa5 34. Qc3 Qc7 35. g3 h5 36. f4 Qc6 37. Kf2 f6 38. Qd3 Kg7 39. Ra1 Rb8 40. e4 Rb2+ 41. Kg1 f5 42. Re1 Qb7 43. Re2 Rb3 44. Qc4 Rxg3+ 45. Kh2 h4 46. Qxe6 Qb1 47. Qe7+ Kg8 48. Qe8+ Kg7 49. Qe7+ Kg8 1/2-1/2

[Event "Wch Seniors 12th"]
[Site "Naumburg"]
[Date "2002.10.22"]
[Round "2"]
[White "Meiling, Hermann"]
[Black "Glaser, Heinz Alfred"]
[Result "1-0"]
[WhiteElo "2028"]
[BlackElo "1680"]
[PlyCount "83"]
[EventDate "2002.10.21"]
[EventType "swiss"]
[EventRounds "11"]
[EventCountry "GER"]
[SourceTitle "EXT 2006"]
[Source "ChessBase"]
[SourceDate "2005.11.24"]
[SourceVersion "1"]
[SourceVersionDate "2005.11.24"]
[SourceQuality "1"]

1. d4 d5 2. c4 e5 3. dxe5 d4 4. Nf3 Nc6 5. g3 Bf5 6. a3 a5 7. Bg2 Bc5 8. 0-0 Nge7 9. Re1 0-0 10. Nbd2 a4 11. b4 axb3 12. Nxb3 Bb6 13. Bb2 d3 14. c5 Ba5 15. Nxa5 Nxa5 16. Nh4 dxe2 17. Qxe2 Bd3 18. Qg4 Bg6 19. Rad1 Qc8 20. e6 f6 21. f4 Be8 22. Nf5 Nxf5 23. Qxf5 Bg6 24. Qd5 Rd8 25. Qa2 Kh8 26. Bh3 Rxd1 27. Rxd1 Bc2 28. Rd7 Bb3 29. Qb1 Qe8 30. Bxf6 Qg8 31. Rxg7 Qxg7 32. Bxg7+ Kxg7 33. Qf5 Rf8 34. Qe5+ Kg8 35. e7 Re8 36. Be6+ Bxe6 37. Qxe6+ Kg7 38. f5 Nc6 39. f6+ Kh8 40. Qf7 Rg8 41. Qxg8+ Kxg8 42. e8Q# 1-0

[Event "Brandenburg Seniors op 10th"]
[Site "Uckley"]
[Date "2001.09.27"]
[Round "5"]
[White "Meiling, Hermann"]
[Black "Ollek, Karl Heinz"]
[Result "1-0"]
[WhiteElo "1785"]
[BlackElo "1669"]
[PlyCount "87"]
[EventDate "2001.09.??"]
[EventType "swiss"]
[EventRounds "7"]
[EventCountry "GER"]
[SourceTitle "EXT 2006"]
[Source "ChessBase"]
[SourceDate "2005.11.24"]
[SourceVersion "1"]
[SourceVersionDate "2005.11.24"]
[SourceQuality "1"]

1. d4 d5 2. Bg5 c6 3. Nd2 Qb6 4. Nb3 h6 5. Bd2 a5 6. a4 Nf6 7. e3 Bf5 8. Bd3 Ne4 9. Bxe4 dxe4 10. Ne2 Nd7 11. 0-0 e6 12. Ng3 Bg6 13. Nh5 Bxh5 14. Qxh5 g6 15. Qg4 Nf6 16. Qf4 Qd8 17. Qg3 Bd6 18. f4 b6 19. Qe1 Nd5 20. c3 f5 21. Qe2 Qd7 22. Rfc1 g5 23. Qh5+ Qf7 24. Qxf7+ Kxf7 25. c4 Nxe3 26. Bxe3 gxf4 27. Bf2 e3 28. Be1 f3 29. gxf3 Rhg8+ 30. Kh1 Rg6 31. Bc3 Rag8 32. Rg1 f4 33. Rxg6 Rxg6 34. Rg1 Rg5 35. Rxg5 hxg5 36. Kg2 Kg6 37. c5 bxc5 38. dxc5 Be7 39. Bxa5 e5 40. h3 Kf5 41. Be1 Ke6 42. a5 Kd7 43. Kf1 Kc8 44. Ke2 1-0

[Event "Brandenburg Seniors op 10th"]
[Site "Uckley"]
[Date "2001.09.27"]
[Round "6"]
[White "Meiling, Hermann"]
[Black "Troeger, Rainer"]
[Result "0-1"]
[WhiteElo "1785"]
[BlackElo "2103"]
[PlyCount "68"]
[EventDate "2001.09.??"]
[EventType "swiss"]
[EventRounds "7"]
[EventCountry "GER"]
[SourceTitle "EXT 2006"]
[Source "ChessBase"]
[SourceDate "2005.11.24"]
[SourceVersion "1"]
[SourceVersionDate "2005.11.24"]
[SourceQuality "1"]

1. d4 Nf6 2. c4 g6 3. Nc3 Bg7 4. e4 d6 5. f4 c5 6. d5 0-0 7. Nf3 e6 8. Be2 exd5 9. exd5 Re8 10. 0-0 Ng4 11. Bd3 Ne3 12. Bxe3 Rxe3 13. Qd2 Re8 14. Rae1 Rxe1 15. Rxe1 Bg4 16. Ng5 h6 17. Nge4 Bf5 18. Ng3 Bxd3 19. Qxd3 Nd7 20. Re2 a6 21. Nce4 Nf6 22. f5 Ng4 23. b3 Bd4+ 24. Kh1 Ne5 25. Qd2 Kg7 26. f6+ Kh7 27. Qf4 b5 28. cxb5 axb5 29. h4 c4 30. Nxd6 cxb3 31. Qxd4 Qxd6 32. axb3 Nf3 33. gxf3 Qxg3 34. Re3 Ra2 0-1

[Event "Brandenburg Seniors op 09th"]
[Site "Uckley"]
[Date "2000.09.29"]
[Round "7"]
[White "Meiling, Hermann"]
[Black "Mueller, Klaus2222"]
[Result "0-1"]
[WhiteElo "1915"]
[BlackElo "1977"]
[PlyCount "124"]
[EventDate "2000.09.25"]
[EventType "swiss"]
[EventRounds "7"]
[EventCountry "GER"]
[SourceTitle "EXT 2006"]
[Source "ChessBase"]
[SourceDate "2005.11.24"]
[SourceVersion "1"]
[SourceVersionDate "2005.11.24"]
[SourceQuality "1"]

1. d4 Nf6 2. c4 g6 3. Nc3 Bg7 4. e4 d6 5. f4 0-0 6. Nf3 c5 7. d5 e6 8. Be2 exd5 9. exd5 Re8 10. 0-0 Bg4 11. h3 Bxf3 12. Bxf3 Na6 13. a3 Nc7 14. Qd3 Nd7 15. Ne4 Bd4+ 16. Kh2 Nf6 17. Ng3 Nd7 18. Ne4 Qe7 19. Bd2 f5 20. Ng5 h6 21. Rae1 Qf6 22. Ne6 Nxe6 23. dxe6 Nf8 24. Bxb7 Rab8 25. Bc6 Re7 26. b3 Kg7 27. g4 Rxe6 28. gxf5 gxf5 29. Rg1+ Kh7 30. Bd5 Rxe1 31. Rxe1 Rc8 32. b4 Rc7 33. Re2 Rg7 34. Rg2 Rxg2+ 35. Bxg2 Ne6 36. Bd5 Qg6 37. Qg3 Qxg3+ 38. Kxg3 Nc7 39. Bc6 Kg6 40. b5 Kf6 41. Ba5 Ne6 42. Bd2 Ke7 43. a4 Bf6 44. a5 Nd8 45. Bd5 Kd7 46. a6 Kc8 47. Ba5 Be7 48. Bxd8 Bxd8 49. Be6+ Kc7 50. Bxf5 d5 51. cxd5 Kd6 52. Be6 c4 53. Kf3 Kc5 54. Ke2 Kxb5 55. d6 c3 56. Kd3 Bf6 57. Bc4+ Kc5 58. f5 c2 59. Kxc2 Kxc4 60. d7 Kb5 61. Kd3 Kxa6 62. Kc4 Kb6 0-1

[Event "Brandenburg-ch Seniors 08th"]
[Site "Uckley"]
[Date "2000.06.21"]
[Round "6"]
[White "Meiling, Hermann"]
[Black "Mueller, Klaus2222"]
[Result "0-1"]
[WhiteElo "1865"]
[BlackElo "1976"]
[PlyCount "117"]
[EventDate "2000.06.16"]
[EventType "swiss"]
[EventRounds "7"]
[EventCountry "GER"]
[SourceTitle "EXT 2006"]
[Source "ChessBase"]
[SourceDate "2005.11.24"]
[SourceVersion "1"]
[SourceVersionDate "2005.11.24"]
[SourceQuality "1"]

1. d4 d5 2. Bg5 c6 3. e3 Qb6 4. b3 Nd7 5. Nf3 Ngf6 6. Nbd2 e6 7. c3 Qa5 8. Qc2 Bd6 9. Bf4 Bxf4 10. exf4 Qc7 11. g3 0-0 12. Bd3 c5 13. 0-0 b6 14. Rac1 Bb7 15. Ne5 h6 16. Ndf3 Rac8 17. Qe2 Rfe8 18. Bb5 Re7 19. Bxd7 Nxd7 20. Nxd7 Qxd7 21. Ne5 Qe8 22. Rfd1 Rec7 23. Qd3 c4 24. Qd2 cxb3 25. axb3 f6 26. Ng4 h5 27. Ne3 Qg6 28. f3 h4 29. g4 Qf7 30. Kf2 Rc6 31. Re1 Qd7 32. Nd1 g5 33. Kg2 gxf4 34. Qd3 Qg7 35. Rc2 Rd6 36. h3 Rcd8 37. Nf2 e5 38. Rce2 Re6 39. Qf5 Rde8 40. Nd3 e4 41. Nxf4 exf3+ 42. Kxf3 Rxe2 43. Rxe2 Rxe2 44. Kxe2 Qe7+ 45. Kd2 Bc6 46. Nxd5 Bxd5 47. Qxd5+ Kg7 48. b4 Qc7 49. Qg2 a5 50. bxa5 bxa5 51. Kd3 Qg3+ 52. Qxg3 hxg3 53. Ke3 a4 54. d5 a3 55. d6 Kf7 56. h4 a2 57. Kf3 a1Q 58. Kxg3 Qxc3+ 59. Kf4 0-1